000 00954nam a22002417a 4500
003 OSt
005 20260530113915.0
008 260507b1983 mx a|||| |||| 00| 0 spa d
040 _aICI
_bspa
_cICI
041 _aspa
050 _aLA428.7
_bU55 1983
245 0 3 _aLa universidad y el reto del mexico contemporaneo :
_b Edicion conmemorativa del xl aniversario de la universidad iberoamericana /
_c la ed. estuvo al cuidado de Rubén Lozano Herrera ... [y otros.]
260 _aMéxico :
_bUniversidad iberoamericana,
_c1983
300 _a374 páginas :
_cilustraciones
650 4 _aEducación superior
_zMéxico
_933937
650 4 _aUniversidades y colegios
_zMéxico
_933938
650 4 _aPolítica educativa
_zMéxico
_933939
650 4 _aMéxico
_xCondiciones sociales
_933940
650 4 _aDesarrollo social
_zMéxico
_933941
700 1 _aLozano Herrera, Rubén,
_eeditor
_933942
710 2 _aUniversidad Iberoamericana
_92963
942 _2lcc
_cBK
_n0
999 _c12250
_d12250